Guess the Taylor Swift Song (no hints) 102 - Statistics

General Stats
  • This quiz has been taken 94 times
    57 since last reset
  • The average score is 271 of 363
Answer Stats
Answer % Correct
a
100%
an
100%
and
100%
And
100%
I
100%
it
100%
it"
100%
me
100%
the
100%
The
100%
you
100%
your
100%
is
97%
it's
97%
It's
97%
my
97%
to
97%
you're
97%
go
94%
I'm
94%
when
94%
When
94%
who
94%
know
91%
Then
91%
then
91%
do
89%
in
89%
say
89%
All
86%
are
86%
Are
86%
but
86%
But
86%
I'll
86%
on
86%
They
86%
they
86%
time
86%
be
83%
have
83%
How
83%
of
83%
"She
83%
she
83%
we
83%
what
83%
at
80%
her,
80%
like
80%
love
80%
this
80%
too
80%
I've
77%
(I've
77%
think
77%
will
77%
Will
77%
can
74%
for
74%
if
74%
night
74%
nothing
74%
up
74%
up)
74%
want
74%
down
71%
down?
71%
had
71%
had)
71%
new?
71%
still
71%
tell
71%
did
69%
out
69%
she's
69%
about
66%
been
66%
got
66%
middle
66%
Oh,
66%
oh,
66%
oh
66%
with
66%
22?
63%
everything
63%
From
63%
from
63%
cry
60%
feel
60%
person
60%
through
60%
young
60%
18
57%
fun"
57%
"Girls,
57%
gonna
57%
Once
57%
once
57%
only
57%
She'll
57%
she'll
57%
wake
57%
(wake
57%
while
57%
can't
54%
crying
54%
looks
54%
moving
54%
myself
54%
room
54%
room?
54%
way
54%
way,
54%
actually
51%
dream
51%
eyes
51%
long
51%
ones
51%
17
49%
cute
49%
drink
49%
happy
49%
meet
49%
miss
49%
much
49%
sad,
49%
sleep
49%
someone
49%
tonight
49%
become
46%
growing
46%
hunt
46%
kind
46%
lost
46%
slay
46%
affection
43%
blame
43%
breaking
43%
fever
43%
lose
43%
someday
43%
youth
43%
cheeks
40%
Criticize
40%
else
40%
fly
40%
lights
40%
Lord,
40%
novelty?
40%
roll
40%
sky
40%
soarin'
40%
they'll
40%
faking
37%
map
37%
People
37%
radiance
37%
sigh,
37%
smiles
37%
'til
37%
tired
37%
attention?
34%
ingénue
34%
red
34%
turning
34%
whoa,
34%
whoa
34%
wonder
34%
drive
31%
biding
26%
Shoots
26%
No matching quizzes found
Score Distribution
Percent of People with Each Score
Percentile by Number Answered
Your Score History
You have not taken this quiz since the last reset